000 01463nam a2200361 i 4500
003 DO-SdBNP
005 20240305134713.0
006 a||||gr|||| 00| 0
007 ta
008 231004t2015 gra||||| |||| 00| p spa d
040 _aDO-SdBNP
_bspa
_cBNPHU
_erda
082 4 _aG861.44
_bC268p
_222
100 1 _aCardoza y Aragón, Luis
_d1901-1992
_984399
245 1 0 _aLa poesía de Luis Cardoza y Argón/
_cantología y edición, Enrique Noriega; presentación, Luis Eduardo Rivera.
246 3 4 _aLa poesía de Luis Cardoza y Aragón:
_b¿Qué sería de mi brazo, de-mi-mano? viese-en-el-delta si-no-se-resol-esembocando-al-universo.
264 4 _aGuatemala :
_bMinisterio de Cultura y Deportes,
_c2015
300 _a133 páginas ;
_c21
336 _2rdacontent
_atexto
_btxt
337 _2rdamedia
_asin mediación
_bn
338 _2rdacarrier
_avolumen
_bnc
490 0 _aPoesía.
490 0 _aRafael Landívar ;
_v103
500 _aIncluye datos biográficos de los autores en las solapas
590 _aInventariado 2023 / MF
600 1 4 _aCardoza y Aragón, Luis,
_d1904-1992
_939686
_vCrítica e interpretación
650 4 _aPoesía guatemalteca
_914068
650 4 _aLiteratura guatemalteca
_95393
700 1 _aNoriega, Enrique,
_975442
_ecompilador y editor
700 1 _aRivera, Luis Eduardo,
_d1949-
_epresentación
_984385
830 0 _aPoesía
_pRafael Landívar ;
_n103
_984400
910 _aValidado. Control de calidad MFF
942 _2ddc
_cLBS1
999 _c55080
_d55080